Un mundo perseguido, del silencio a la eclosión de la diversidad sexual y de género en el arte del siglo XX
Guardat en:
| Autor principal: | |
|---|---|
| Format: | Desconegut |
| Idioma: | anglès |
| Publicat: |
Madrid, España:
Akal,
2023
|
| Col·lecció: | Arte Contemporáneo
|
| Matèries: | |
| Etiquetes: |
Afegir etiqueta
Sense etiquetes, Sigues el primer a etiquetar aquest registre!
|
MARC
| LEADER | 00000 a2200000 4500 | ||
|---|---|---|---|
| 003 | CL-VaPUC | ||
| 005 | 20240731102209.0 | ||
| 008 | 240516t2023 ||||| |||| 00| 0 eng d | ||
| 999 | |c 443677 |d 443675 | ||
| 020 | |a 9788446053958 | ||
| 040 | |c Pontificia Universidad Católica de Valparaíso | ||
| 082 | 0 | 4 | |2 22 |a 704.08664 ALI 2023 |
| 100 | 1 | |a Aliaga, Juan Vicente |e autor |9 888981 | |
| 245 | 1 | 3 | |a Un mundo perseguido, del silencio a la eclosión de la diversidad sexual y de género en el arte del siglo XX |
| 260 | |a Madrid, España: |b Akal, |c 2023 | ||
| 300 | |a 286 páginas | ||
| 490 | 0 | |a Arte Contemporáneo |n ; 44 | |
| 583 | |k GC |c 20240516 | ||
| 650 | 1 | 0 | |a Arte moderno |y Siglo 20 |9 265274 |
| 650 | 1 | |a Homosexualidad en el arte |9 888982 | |
| 650 | 1 | |a Minorías sexuales |9 470572 | |
| 650 | 1 | |2 Personas transexuales | |
| 650 | 1 | |a Diversidad sexual |9 560301 | |
| 942 | |2 ddc |c BK | ||
| 952 | |0 0 |1 0 |2 ddc |4 0 |6 704_086640000000000_ALI_2023 |7 0 |8 A |9 594721 |a BIBART |b BIBART |d 2024-05-14 |e 45 |g 34600.00 |i 5661395 |l 1 |o 704.08664 ALI 2023 |p 5661395 |r 2025-03-13 |s 2024-11-07 |t 1 |v 34600.00 |w 2024-05-14 |y BK |k ART | ||